000 01054cai a22001815a 4500
001 E153261
008 110704u xxk g 000 0 eng d
035 _a(Sirsi) u153261
041 0 _aeng
110 2 _aScotland
_bScottish Government
_95344
245 0 0 _aPAW Scotland
_bpartnership for action against wildlife crime in Scotland
_h[electronic resource]
520 _aWebsite of the Partnership for Action Against Wildlife Crime Scotland (PAW Scotland), which brings together a number of organisations involved in stopping crimes against wildlife. Organisations represented include Scottish Natural Heritage, Scottish police forces, and various conservation and land management bodies.
590 _aKA
651 4 _aScotland
_y1999-
690 _aENVIRONMENTAL AND LAND CONSULTANCY-ENVIRONMENTAL MANAGEMENT-ENVIRONMENTAL CONSERVATION-WILDLIFE CONSERVATION
856 4 0 _uhttps://www.scotland.gov.uk/Topics/Environment/Wildlife-Habitats/paw-scotland
_zView the website at www.scotland.gov.uk/Topics/Environment/Wildlife-Habitats/paw-scotland
942 _n0
999 _c120916
_d120916